000
00323 a2200145 4500
001
161566
020
_a
040
_c
Magnum
100
_a
Sieeesp
240
1
0
_a
Colera - educando para a vida ii
_l
por
245
1
0
_a
Colera - educando para a vida ii
362
0
_a
1899
697
_a
CIENCIAS MEDICAS SAUDE
942
_c
BK
999
_c
161566
_d
161566